| 000 | 00458nam a2200145 a 4500 | ||
|---|---|---|---|
| 001 | 75 | ||
| 003 | CDMR | ||
| 005 | 20130712104645.0 | ||
| 008 | 130130s1999||||||||||||||||||||||||||||d | ||
| 040 |
_aCDMR _bcat _cCDMR |
||
| 100 | 1 |
_aAlguersuari, Francisco _972 |
|
| 245 | 1 | 0 |
_a54 anys amb la fotografia d'esports _cFrancisco Alguersuari; Miquel Galmes; Antonio Molinero Cardenal |
| 260 |
_aBarcelona _c1999 _bInstitut d'Estudis FotogrĂ fics de Catalunya |
||
| 942 |
_cMON _2ddc |
||
| 999 |
_c75 _d75 |
||